[Event "Paul Keres Memorial 2015"]
[Site "Tallinn EST"]
[Date "2016.01.08"]
[Round "3.5"]
[White "Volodin, Aleksandr"]
[Black "Berkes, Ferenc"]
[Result "1/2-1/2"]
[WhiteTitle "GM"]
[BlackTitle "GM"]
[WhiteElo "2484"]
[BlackElo "2652"]
[WhiteFideId "4501950"]
[BlackFideId "718572"]
[EventDate "2016.01.08"]

1. d4 e6 2. c4 f5 3. g3 Nf6 4. Bg2 c6 5. Nf3 d5 6. O-O Bd6 7. Bf4 Bxf4 8. gxf4
O-O 9. Nc3 Qe7 10. Qb3 Kh8 11. Rac1 Ne4 12. e3 Nd7 13. Nxe4 fxe4 14. Nd2 Rf6 15.
f3 exf3 16. Nxf3 Rb8 17. a3 Nf8 18. Qa4 a6 19. Qa5 Bd7 20. Qc7 Qd8 21. Qxd8 Rxd8
22. Ne5 Be8 23. b4 Ng6 24. Ng4 Rf7 25. Bh3 Re7 26. Kf2 Kg8 27. Kg3 Bf7 28. c5 a5
29. Rb1 Be8 30. Nf2 Ra8 31. bxa5 Rxa5 32. Rb3 Nf8 33. Nd3 Bg6 34. Ne5 Bc2 35.
Rc3 Be4 36. Rf2 Rb5 37. Bg2 Bxg2 38. Kxg2 Nd7 39. Nxd7 Rxd7 40. a4 Ra5 41. Ra2
Kf7 42. Rb3 Kf6 43. Kf3 g6 44. Rab2 Ra7 45. h4 h6 46. a5 Rc7 47. Rb6 g5 48.
hxg5+ hxg5 49. Ra2 gxf4 50. Kxf4 e5+ 51. Kf3 Kf5 52. a6 e4+ 53. Kf2 Rh7 54. Kg3
Rg7+ 55. Kf2 Rh7 56. Kg1 Rxa6 57. Raxa6 bxa6 58. Rxc6 a5 59. Ra6 Kg4 60. Kg2 Rb7
61. Rg6+ Kf5 62. Rb6 Ra7 63. Rd6 a4 64. Rxd5+ Kg4 65. c6 a3 66. Rd7 Ra4 67. Rg7+
Kf5 68. c7 Rc4 69. c8=Q+ Rxc8 70. Ra7 Rc3 71. Kf2 Rb3 72. Ra8 Ke6 73. Kg3 Rxe3+
74. Kf4 Re1 75. Rxa3 Kd5 76. Ra5+ Kxd4 77. Ra4+ Kd3 78. Ra3+ Kd2 79. Ra2+ Kc3
80. Ra3+ Kc4 81. Ra4+ Kb3 82. Rxe4 Rxe4+ 83. Kxe4 1/2-1/2

[Event "Paul Keres Memorial 2015"]
[Site "Tallinn EST"]
[Date "2016.01.08"]
[Round "3.6"]
[White "Eljanov, Pavel"]
[Black "Cramling, Pia"]
[Result "1/2-1/2"]
[WhiteTitle "GM"]
[BlackTitle "GM"]
[WhiteElo "2760"]
[BlackElo "2523"]
[WhiteFideId "14102951"]
[BlackFideId "1700030"]
[EventDate "2016.01.08"]

1. d4 Nf6 2. Nf3 e6 3. c4 b6 4. g3 Bb7 5. Bg2 Be7 6. O-O O-O 7. Re1 Na6 8. Nc3
Ne4 9. Bf4 c5 10. Nxe4 Bxe4 11. d5 d6 12. dxe6 fxe6 13. Nd4 Bxg2 14. Nxe6 Qc8
15. Nxf8 Bb7 16. Nxh7 Qh3 17. f3 Qxh7 18. Qd2 Nc7 19. Rad1 Rd8 20. Bg5 g6 21.
Qe3 Re8 22. Bxe7 Rxe7 23. Qf4 Ne6 24. Qxd6 Nd4 25. Rxd4 cxd4 26. Qxd4 Qf7 27.
Kf2 Rd7 28. Qc3 Qe6 29. Qc2 Rh7 30. h4 Re7 31. Qd3 Rf7 32. b3 Kg7 33. Rh1 Qe5
34. Rd1 Kh7 35. Qd4 Qe6 36. g4 Bc6 37. h5 Rd7 38. hxg6+ Kxg6 39. Qa1 Rxd1 40.
Qxd1 Qe5 41. Qd3+ Kg7 42. Qe3 Qh2+ 43. Ke1 Qh4+ 44. Kd2 Qd8+ 45. Kc3 Qh4 46.
Qe5+ Kg6 47. Qe6+ Qf6+ 48. Qxf6+ Kxf6 49. Kd4 a5 50. e4 Kg5 51. Ke5 Be8 52. a4
Bg6 53. f4+ Kxg4 54. f5 Bh5 55. Kd6 Kf4 56. Kc7 Kxe4 57. f6 Ke5 58. Kxb6 Kxf6
59. Kxa5 Ke6 60. b4 Kd7 61. Kb6 Kc8 62. a5 Kb8 63. c5 Bf3 64. c6 Bg4 65. b5 Bh3
66. Kc5 Bf1 67. b6 Ba6 68. Kd6 Kc8 69. Ke6 Bc4+ 70. Ke7 Bb5 71. Kd6 Ba6 72. Kd5
Bf1 73. Kc5 Be2 1/2-1/2

[Event "Paul Keres Memorial 2015"]
[Site "Tallinn EST"]
[Date "2016.01.08"]
[Round "3.7"]
[White "Sveshnikov, Evgeny"]
[Black "Vitiugov, Nikita"]
[Result "0-1"]
[WhiteTitle "GM"]
[BlackTitle "GM"]
[WhiteElo "2504"]
[BlackElo "2721"]
[WhiteFideId "4100638"]
[BlackFideId "4152956"]
[EventDate "2016.01.08"]

1. e4 e6 2. d4 d5 3. e5 c5 4. c3 Nc6 5. Nf3 Qb6 6. a3 Nh6 7. b4 cxd4 8. Bxh6
gxh6 9. cxd4 Bd7 10. Ra2 Rg8 11. h3 Rc8 12. Rc2 Be7 13. g3 a6 14. Be2 f6 15. Qd3
Rg7 16. Nbd2 fxe5 17. dxe5 Kf8 18. Nb3 Kg8 19. Nc5 Nxb4 20. axb4 Qxb4+ 21. Kf1
Rxc5 22. Kg2 Bb5 23. Qd1 Qe4 24. Rb2 Ba4 25. Qd4 Rc2 26. Rxc2 Bxc2 27. Rc1 Qxe2
28. Qb6 Rf7 29. Ne1 Be4+ 30. Kg1 Kg7 0-1

[Event "Paul Keres Memorial 2015"]
[Site "Tallinn EST"]
[Date "2016.01.08"]
[Round "3.8"]
[White "Motylev, Alexander"]
[Black "Balashov, Yuri S"]
[Result "1/2-1/2"]
[WhiteTitle "GM"]
[BlackTitle "GM"]
[WhiteElo "2656"]
[BlackElo "2408"]
[WhiteFideId "4121830"]
[BlackFideId "4100263"]
[EventDate "2016.01.08"]

1. e4 e5 2. Nf3 Nc6 3. Bb5 a6 4. Ba4 Nf6 5. O-O Be7 6. Re1 b5 7. Bb3 O-O 8. c3
d6 9. h3 Nb8 10. d4 Nbd7 11. Nbd2 c5 12. Nf1 Re8 13. Ng3 Bf8 14. d5 c4 15. Bc2
Nc5 16. Bg5 h6 17. Be3 Qc7 18. Qd2 a5 19. Nh4 Rb8 20. Nhf5 Bxf5 21. Nxf5 Ncxe4
22. Qd1 Nc5 23. Qf3 e4 24. Qg3 Kh7 25. Bd4 Ncd7 26. Qh4 Qd8 27. Ng3 g6 28. Bxe4
Nxe4 29. Qxd8 Rbxd8 30. Nxe4 f5 31. Nf6+ Nxf6 32. Bxf6 Rb8 33. Rxe8 Rxe8 34. a4
Rb8 35. axb5 Rxb5 36. Bd8 Rxd5 37. Bxa5 1/2-1/2

[Event "Paul Keres Memorial 2015"]
[Site "Tallinn EST"]
[Date "2016.01.08"]
[Round "3.9"]
[White "Yevseev, Denis"]
[Black "Howell, David W L"]
[Result "0-1"]
[WhiteTitle "GM"]
[BlackTitle "GM"]
[WhiteElo "2526"]
[BlackElo "2685"]
[WhiteFideId "4126378"]
[BlackFideId "410608"]
[EventDate "2016.01.08"]

1. Nf3 Nf6 2. c4 c5 3. Nc3 Nc6 4. g3 d6 5. Bg2 g6 6. O-O Bg7 7. d4 O-O 8. dxc5
dxc5 9. Bf4 Nh5 10. Be3 Nd4 11. Qc1 Qa5 12. Re1 Be6 13. Nd2 Rfd8 14. Nb3 Qb4 15.
Nd5 Bxd5 16. cxd5 Rac8 17. Bd2 Qb5 18. Qd1 Nf6 19. e4 e5 20. Rc1 Nxb3 21. Qxb3
Qxb3 22. axb3 Ne8 23. Be3 b6 24. Bh3 Rc7 25. f3 a5 26. Rc2 Nd6 27. Bf1 f5 28.
Bf2 Rf7 29. Bg2 Rdf8 30. Ree2 fxe4 31. fxe4 Bh6 32. Kh1 Rf6 33. Bg1 Kf7 34. Re1
Ke7 35. b4 axb4 36. Ra1 Nb5 37. Ra6 b3 38. Re2 Kd7 39. Bh3+ Kc7 40. Ra1 Rd8 41.
Ree1 Kb7 42. Bf1 Nd6 43. Ba6+ Kb8 44. Ra3 Bd2 45. Re2 Bb4 46. Rxb3 Ka7 47. Bd3
Kb7 48. Kg2 Ra8 49. Bc2 Ra1 50. Bf2 Kc7 51. Rf3 Rxf3 52. Kxf3 c4 53. g4 Nb5 54.
Kg2 Nd4 55. Bxd4 exd4 56. e5 d3 57. Re4 b5 58. d6+ Kc6 0-1

[Event "Paul Keres Memorial 2015"]
[Site "Tallinn EST"]
[Date "2016.01.08"]
[Round "3.10"]
[White "Ganguly, Surya Shekhar"]
[Black "Mesropov, Konstantin"]
[Result "1-0"]
[WhiteTitle "GM"]
[BlackTitle "IM"]
[WhiteElo "2660"]
[BlackElo "2406"]
[WhiteFideId "5002150"]
[BlackFideId "4116887"]
[EventDate "2016.01.08"]

1. e4 e6 2. d4 d5 3. Nc3 dxe4 4. Nxe4 Bd7 5. c4 Bc6 6. Nc3 Nf6 7. Be3 Be7 8. Nf3
Bxf3 9. Qxf3 c6 10. O-O-O O-O 11. g4 Na6 12. g5 Ne8 13. Rg1 Qa5 14. Bd3 Nd6 15.
c5 Nf5 16. Bxf5 exf5 17. Qxf5 Rad8 18. a3 Nc7 19. Ne4 Ne6 20. Qh3 Qa4 21. Rg4
Qc4+ 22. Nc3 Qb3 23. d5 Nxc5 24. Rh4 1-0

[Event "Paul Keres Memorial 2015"]
[Site "Tallinn EST"]
[Date "2016.01.08"]
[Round "4.1"]
[White "Fridman, Daniel"]
[Black "Tregubov, Pavel V."]
[Result "1-0"]
[WhiteTitle "GM"]
[BlackTitle "GM"]
[WhiteElo "2624"]
[BlackElo "2582"]
[WhiteFideId "11600454"]
[BlackFideId "4115341"]
[EventDate "2016.01.08"]

1. Nf3 Nf6 2. g3 d5 3. Bg2 Bf5 4. c4 e6 5. O-O c6 6. d3 dxc4 7. dxc4 Qxd1 8.
Rxd1 Nbd7 9. Nc3 Bc2 10. Rd2 Bg6 11. b3 O-O-O 12. Bb2 Be7 13. Rad1 h6 14. Na4
Bb4 15. Bc3 Bxc3 16. Nxc3 Rhe8 17. b4 Ne4 18. Nxe4 Bxe4 19. Ne1 Bxg2 20. Nxg2
Nb6 21. Ne3 Na4 22. Rc2 Rxd1+ 23. Nxd1 Rd8 24. Ne3 Rd4 25. a3 b6 26. Kf1 Kb7 27.
Ke1 c5 28. b5 a6 29. f3 h5 30. h4 f5 31. Kf2 g6 32. f4 Re4 33. Nf1 Rd4 34. Ne3
Re4 35. Kf3 Rd4 36. Kg2 Rd8 37. Kf2 Rd4 38. Kf3 Rd8 39. Kf2 Ra8 40. Rd2 Kc7 41.
Rd3 axb5 42. cxb5 Rd8 43. Nd1 Rd4 44. Ke3 Re4+ 45. Kd2 c4 46. Re3 c3+ 47. Kd3
Kd6 48. Rxe4 fxe4+ 49. Kc2 Kc5 50. Nf2 Kxb5 51. Nxe4 Kc4 52. e3 b5 53. Nd6+ Kc5
54. Nf7 b4 55. axb4+ Kxb4 56. Ne5 Nb6 57. Nd3+ Kc4 58. Ne5+ Kb4 59. Nxg6 Nd5 60.
e4 Ne3+ 61. Kc1 Nf1 62. Nf8 Nxg3 63. Nxe6 Kb3 64. Nd4+ Kc4 65. Nf5 Ne2+ 66. Kc2
Nxf4 67. Ne3+ Kd4 68. Nd5 Ne2 69. Nf6 Kc4 70. Nxh5 Nd4+ 71. Kc1 Nb3+ 72. Kc2
Nd4+ 73. Kc1 Kd3 74. Nf4+ Kxe4 75. Ng2 Kf3 1-0

[Event "Paul Keres Memorial 2015"]
[Site "Tallinn EST"]
[Date "2016.01.08"]
[Round "4.2"]
[White "Vitiugov, Nikita"]
[Black "Lintchevski, Daniil"]
[Result "1/2-1/2"]
[WhiteTitle "GM"]
[BlackTitle "GM"]
[WhiteElo "2721"]
[BlackElo "2563"]
[WhiteFideId "4152956"]
[BlackFideId "4171055"]
[EventDate "2016.01.08"]

1. d4 d5 2. c4 dxc4 3. Nf3 Nf6 4. e3 e6 5. Bxc4 c5 6. O-O a6 7. b3 cxd4 8. Nxd4
Bd7 9. Bb2 Nc6 10. Be2 Be7 11. Bf3 Rc8 12. Nxc6 Bxc6 13. Qxd8+ Kxd8 14. Rd1+ Ke8
15. Rc1 Kd7 16. Nd2 Bxf3 17. Nxf3 Bd6 18. Ne5+ Bxe5 19. Bxe5 Rxc1+ 20. Rxc1 Ne8
21. Rd1+ Kc8 22. e4 f6 23. Bd4 Nc7 24. Bb6 Na8 25. Ba5 b6 26. Bb4 Rd8 27. Rxd8+
Kxd8 28. f3 Nc7 29. Kf2 e5 30. Ke3 Kd7 31. g3 Ke6 32. a4 Ne8 33. Kd3 Nd6 34. Bd2
Kd7 35. h4 h5 36. Bc3 g6 37. Bb4 Ne8 38. Bc3 Ke6 39. Bd2 Kd6 40. Bb4+ Kc6 41.
Bf8 Kd7 42. Kc4 Kc6 43. Be7 1/2-1/2

[Event "Paul Keres Memorial 2015"]
[Site "Tallinn EST"]
[Date "2016.01.08"]
[Round "4.3"]
[White "Howell, David W L"]
[Black "Kantans, Toms"]
[Result "1/2-1/2"]
[WhiteTitle "GM"]
[BlackTitle "IM"]
[WhiteElo "2685"]
[BlackElo "2513"]
[WhiteFideId "410608"]
[BlackFideId "11602945"]
[EventDate "2016.01.08"]

1. Nf3 Nf6 2. c4 c5 3. Nc3 d5 4. cxd5 Nxd5 5. g3 g6 6. Bg2 Bg7 7. Ng5 e6 8. Nge4
Na6 9. O-O O-O 10. d3 h6 11. Qb3 Nxc3 12. Nxc3 Qe7 13. a4 Rb8 14. a5 Rd8 15. Be3
b6 16. axb6 axb6 17. Ra4 Bb7 18. Rfa1 Bxg2 19. Rxa6 Qb7 20. f3 Bxf3 21. exf3
Qxf3 22. Bf2 Rxd3 23. Qc2 Rbd8 24. Ra8 Rxa8 25. Rxa8+ Qxa8 26. Qxd3 Qa1+ 27. Kg2
Qxb2 28. Nb5 Qe5 29. Qd8+ Kh7 30. Qxb6 Qd5+ 31. Kg1 Qd1+ 32. Kg2 Qd5+ 33. Kg1
Qd1+ 1/2-1/2

[Event "Paul Keres Memorial 2015"]
[Site "Tallinn EST"]
[Date "2016.01.08"]
[Round "4.4"]
[White "Goganov, Aleksey"]
[Black "Ganguly, Surya Shekhar"]
[Result "1-0"]
[WhiteTitle "GM"]
[BlackTitle "GM"]
[WhiteElo "2591"]
[BlackElo "2660"]
[WhiteFideId "24109959"]
[BlackFideId "5002150"]
[EventDate "2016.01.08"]

1. c4 e5 2. Nc3 Nf6 3. Nf3 Nc6 4. g3 d5 5. cxd5 Nxd5 6. Bg2 Nb6 7. O-O Be7 8. a3
O-O 9. b4 Be6 10. Rb1 f6 11. d3 Nd4 12. Nd2 c6 13. Nde4 Bf7 14. Nc5 Qc7 15. e3
Ne6 16. N3e4 Rfd8 17. Qc2 a5 18. Qb2 axb4 19. Qxb4 Nxc5 20. Nxc5 Nd5 21. Bxd5
Rxd5 22. Qxb7 Qxb7 23. Nxb7 Rxd3 24. e4 Bc4 25. Re1 Bb5 26. Be3 Raxa3 27. Bc5
Bxc5 28. Nxc5 Rd2 29. Red1 Rxd1+ 30. Rxd1 Rc3 31. Nb7 Bd3 32. Nd6 h5 33. f4 Be2
34. Ra1 Rc2 35. Ra8+ Kh7 36. fxe5 fxe5 37. Nf7 Bd3 38. Rh8+ Kg6 39. Nxe5+ Kf6
40. Nxd3 g6 41. Rc8 Rc3 42. Nb4 Rc1+ 43. Kg2 c5 44. Rc6+ Kg5 45. h4+ Kh6 46. Nd3
Rc2+ 47. Nf2 c4 48. e5 Kg7 49. Kf3 Rc1 50. Rc7+ Kf8 51. Ne4 Rf1+ 52. Ke3 Re1+
53. Kf4 Rf1+ 54. Kg5 Re1 55. Nf6 Rxe5+ 56. Kxg6 Ra5 57. Rf7# 1-0

[Event "Paul Keres Memorial 2015"]
[Site "Tallinn EST"]
[Date "2016.01.08"]
[Round "4.5"]
[White "Georgiev, Kiril"]
[Black "Romanov, Evgeny"]
[Result "1-0"]
[WhiteTitle "GM"]
[BlackTitle "GM"]
[WhiteElo "2624"]
[BlackElo "2617"]
[WhiteFideId "2900017"]
[BlackFideId "4148843"]
[EventDate "2016.01.08"]

1. d4 Nf6 2. Nf3 b6 3. c4 Bb7 4. g3 e5 5. dxe5 Ng4 6. Bg2 Nxe5 7. O-O Nxc4 8.
Nc3 Be7 9. Qd4 Nd6 10. Qxg7 Bf6 11. Qh6 Na6 12. Bf4 Nf5 13. Qh3 Ng7 14. Rfd1 Ne6
15. Be5 Bxf3 16. Bxf6 Qxf6 17. Bxf3 O-O-O 18. Qg4 c6 19. Rac1 Nac7 20. Qa4 Kb8
21. Rxd7 Rxd7 22. Qxc6 Kc8 23. Ne4 1-0

[Event "Paul Keres Memorial 2015"]
[Site "Tallinn EST"]
[Date "2016.01.08"]
[Round "4.6"]
[White "Kulaots, Kaido"]
[Black "Sutovsky, Emil"]
[Result "1/2-1/2"]
[WhiteTitle "GM"]
[BlackTitle "GM"]
[WhiteElo "2571"]
[BlackElo "2647"]
[WhiteFideId "4500261"]
[BlackFideId "2802007"]
[EventDate "2016.01.08"]

1. e4 c5 2. Nf3 Nc6 3. Nc3 g6 4. d4 cxd4 5. Nxd4 Bg7 6. Be3 Nf6 7. Bc4 O-O 8.
Bb3 d6 9. f3 Nxd4 10. Bxd4 Be6 11. Qd2 Qa5 12. O-O-O b5 13. Kb1 b4 14. Nd5 Bxd5
15. exd5 Qb5 16. Rhe1 a5 17. Qe2 Qxe2 18. Rxe2 a4 19. Bc4 Rfc8 20. b3 Rc7 21. g4
Rb7 22. h4 Ra5 1/2-1/2

[Event "Paul Keres Memorial 2015"]
[Site "Tallinn EST"]
[Date "2016.01.08"]
[Round "4.8"]
[White "Mikhalevski, Victor"]
[Black "Sveshnikov, Vladimir"]
[Result "1-0"]
[WhiteTitle "GM"]
[BlackTitle "IM"]
[WhiteElo "2528"]
[BlackElo "2371"]
[WhiteFideId "2801914"]
[BlackFideId "11601884"]
[EventDate "2016.01.08"]

1. c4 e6 2. g3 d5 3. d4 Nf6 4. Bg2 dxc4 5. Nf3 c5 6. O-O Nc6 7. dxc5 Qxd1 8.
Rxd1 Bxc5 9. Nbd2 c3 10. bxc3 O-O 11. Nb3 Be7 12. c4 Bd7 13. Bb2 Rfd8 14. Nfd4
Rac8 15. Nb5 Be8 16. c5 Nd5 17. Nd6 Bxd6 18. cxd6 Ncb4 19. Rd2 Bb5 20. a3 Nc2
21. Rc1 Ba4 22. d7 Rxd7 23. Rcxc2 Rxc2 24. Rxc2 Nb6 1-0

[Event "Paul Keres Memorial 2015"]
[Site "Tallinn EST"]
[Date "2016.01.08"]
[Round "4.9"]
[White "Krupenski, Juri"]
[Black "Matlakov, Maxim"]
[Result "0-1"]
[WhiteTitle "FM"]
[BlackTitle "GM"]
[WhiteElo "2406"]
[BlackElo "2682"]
[WhiteFideId "4501101"]
[BlackFideId "4168003"]
[EventDate "2016.01.08"]

1. d4 Nf6 2. c4 e6 3. Nc3 Bb4 4. e3 O-O 5. Ne2 Re8 6. a3 Bf8 7. e4 d5 8. e5 Nfd7
9. cxd5 exd5 10. Nxd5 c5 11. e6 Rxe6 12. Ne3 Re8 13. d5 Nf6 14. g3 Nbd7 15. Bg2
Ne5 16. O-O Bd7 17. Qc2 Rc8 18. Rd1 c4 19. d6 Bc6 20. Bxc6 Rxc6 21. Nf5 g6 22.
Nfd4 Rxd6 23. Bf4 Rd7 24. Bxe5 Rxe5 25. Nf3 Rxd1+ 26. Rxd1 Rd5 27. Rd4 b5 28. a4
Bc5 29. Rf4 a6 30. axb5 axb5 31. Nc3 Rd3 32. Nxb5 Ng4 33. Nfd4 Bxd4 34. Rxg4
Bxf2+ 35. Kf1 Bb6 36. Rxc4 Qd5 37. Rc8+ Kg7 38. Rc3 Qf3+ 39. Ke1 Bf2+ 40. Kf1
Bxg3+ 0-1

[Event "Paul Keres Memorial 2015"]
[Site "Tallinn EST"]
[Date "2016.01.08"]
[Round "4.10"]
[White "Berkes, Ferenc"]
[Black "Lanka, Zigurds"]
[Result "1/2-1/2"]
[WhiteTitle "GM"]
[BlackTitle "GM"]
[WhiteElo "2652"]
[BlackElo "2439"]
[WhiteFideId "718572"]
[BlackFideId "11600047"]
[EventDate "2016.01.08"]

1. d4 Nf6 2. Nf3 e6 3. e3 c5 4. Bd3 b6 5. O-O Bb7 6. c4 g6 7. Nc3 Bg7 8. d5 exd5
9. cxd5 Nxd5 10. Nxd5 Bxd5 11. Bxg6 hxg6 12. Qxd5 Nc6 13. e4 Qe7 14. Bg5 Qe6 15.
Qd2 Ne5 16. Nxe5 Qxe5 1/2-1/2

[Event "Paul Keres Memorial 2015"]
[Site "Tallinn EST"]
[Date "2016.01.09"]
[Round "5.2"]
[White "Mikhalevski, Victor"]
[Black "Georgiev, Kiril"]
[Result "1/2-1/2"]
[WhiteTitle "GM"]
[BlackTitle "GM"]
[WhiteElo "2528"]
[BlackElo "2624"]
[WhiteFideId "2801914"]
[BlackFideId "2900017"]
[EventDate "2016.01.08"]

1. c4 e6 2. Nf3 Nf6 3. g3 d5 4. b3 Be7 5. Bg2 O-O 6. O-O b6 7. Bb2 Bb7 8. e3
Nbd7 9. Nc3 Ne4 10. Qe2 c5 11. Rac1 Bf6 12. Rfd1 Re8 13. d4 Nxc3 14. Bxc3 Rc8
15. Ne5 cxd4 16. exd4 Ba8 17. cxd5 Bxd5 18. Bxd5 exd5 19. Qh5 g6 20. Qg4 Rc7 21.
f4 Bg7 22. Bb2 Nf6 23. Qe2 Ne4 24. Rxc7 Qxc7 25. Qb5 Rd8 26. Rc1 Qb7 27. Qc6 Qa6
28. Nxf7 Qe2 29. Nxd8 Qf2+ 30. Kh1 Qf3+ 31. Kg1 Qf2+ 1/2-1/2

[Event "Paul Keres Memorial 2015"]
[Site "Tallinn EST"]
[Date "2016.01.09"]
[Round "5.3"]
[White "Motylev, Alexander"]
[Black "Goganov, Aleksey"]
[Result "1-0"]
[WhiteTitle "GM"]
[BlackTitle "GM"]
[WhiteElo "2656"]
[BlackElo "2591"]
[WhiteFideId "4121830"]
[BlackFideId "24109959"]
[EventDate "2016.01.08"]

1. e4 e5 2. Nf3 Nc6 3. Bb5 Nf6 4. O-O Nxe4 5. d4 Nd6 6. Bxc6 dxc6 7. dxe5 Nf5 8.
Qxd8+ Kxd8 9. h3 Bd7 10. Nc3 b6 11. Rd1 Kc8 12. Ng5 Be8 13. g4 Nh4 14. f4 Be7
15. Nge4 Ng6 16. Ng3 Kb7 17. Be3 a5 18. a3 a4 19. Rd2 f6 20. e6 Nh4 21. Rf1 f5
22. Bd4 Rd8 23. Rd3 c5 24. Bxg7 Rxd3 25. cxd3 Rg8 26. Be5 fxg4 27. Nd5 Nf3+ 28.
Rxf3 gxf3 29. Nxe7 Rxg3+ 30. Kf2 Rxh3 31. f5 Rh5 32. Kxf3 Rh3+ 33. Bg3 Rh6 34.
Kg4 Bb5 35. Bh4 Bxd3 36. Kg5 Bxf5 37. Kxh6 Bxe6 38. Kxh7 Ka6 39. Bg3 b5 40. Bxc7
b4 41. Bd6 Kb5 42. Kg6 Kc4 43. Kf6 Bh3 44. Ke5 Bg4 45. Nd5 Bf3 46. Nb6+ Kb5 47.
Nd7 bxa3 48. bxa3 c4 49. Bb4 Be2 50. Kd4 Bd1 51. Nf6 Bb3 52. Ne4 Kb6 53. Ke5 Kc6
54. Nc3 Bc2 55. Ne2 Bd1 56. Nd4+ Kc7 57. Ke6 c3 58. Bxc3 Bb3+ 59. Ke7 Bd1 60.
Ba5+ Kb7 61. Kd6 Ka6 62. Bc7 Kb7 63. Ne6 Bb3 64. Nc5+ Ka7 65. Kc6 Bd1 66. Be5
Bb3 67. Kc7 Bc2 68. Bd4 Ka8 69. Nd7 Bd1 70. Nb6+ 1-0

[Event "Paul Keres Memorial 2015"]
[Site "Tallinn EST"]
[Date "2016.01.09"]
[Round "5.4"]
[White "Matlakov, Maxim"]
[Black "Kulaots, Kaido"]
[Result "1-0"]
[WhiteTitle "GM"]
[BlackTitle "GM"]
[WhiteElo "2682"]
[BlackElo "2571"]
[WhiteFideId "4168003"]
[BlackFideId "4500261"]
[EventDate "2016.01.08"]

1. d4 e6 2. c4 Bb4+ 3. Bd2 a5 4. g3 d6 5. Bg2 Nc6 6. e3 Nf6 7. Ne2 e5 8. O-O O-O
9. Bc1 exd4 10. exd4 a4 11. a3 Ba5 12. Nbc3 Bxc3 13. Nxc3 Na5 14. Qxa4 Be6 15.
d5 Bf5 16. Re1 Qd7 17. Qb4 Bc2 18. Bg5 Nb3 19. Bxf6 Nxa1 20. Bxg7 Kxg7 21. Rxa1
Rfe8 22. Nb5 Bg6 23. c5 dxc5 24. Qxc5 Rac8 25. Rc1 Kg8 26. h4 Re2 27. h5 Bd3 28.
Nd4 Rxb2 29. d6 c6 30. Qg5+ Kf8 31. Qh6+ Kg8 32. Rc5 Rd8 33. Rg5+ Bg6 34. Nf5 f6
35. Ne7+ 1-0

[Event "Paul Keres Memorial 2015"]
[Site "Tallinn EST"]
[Date "2016.01.09"]
[Round "5.5"]
[White "Sutovsky, Emil"]
[Black "Vitiugov, Nikita"]
[Result "0-1"]
[WhiteTitle "GM"]
[BlackTitle "GM"]
[WhiteElo "2647"]
[BlackElo "2721"]
[WhiteFideId "2802007"]
[BlackFideId "4152956"]
[EventDate "2016.01.08"]

1. e4 c6 2. d4 d5 3. e5 Bf5 4. h4 a6 5. Be3 h5 6. Bd3 Bxd3 7. Qxd3 e6 8. Nd2 Ne7
9. Ne2 c5 10. c4 Nbc6 11. O-O cxd4 12. Nxd4 Nxe5 13. Qb3 dxc4 14. Nxc4 Nxc4 15.
Qxc4 Rc8 16. Qe2 Nd5 17. Bg5 Be7 18. Rfe1 Bxg5 19. hxg5 O-O 20. Rad1 Nf4 21. Qe5
Ng6 22. Nxe6 Nxe5 23. Nxd8 Rfxd8 24. Rxd8+ Rxd8 25. Rxe5 Rd1+ 26. Kh2 Rd2 27. f4
Rxb2 28. f5 f6 29. gxf6 gxf6 30. Re7 b5 31. Re6 Rxa2 32. Rxf6 a5 33. Rb6 Rb2 34.
Kg3 a4 35. Kh4 a3 36. Kxh5 a2 37. Ra6 Rxg2 38. Ra7 b4 39. Kh6 b3 40. f6 Rg1 0-1

[Event "Paul Keres Memorial 2015"]
[Site "Tallinn EST"]
[Date "2016.01.09"]
[Round "5.6"]
[White "Lintchevski, Daniil"]
[Black "Howell, David W L"]
[Result "0-1"]
[WhiteTitle "GM"]
[BlackTitle "GM"]
[WhiteElo "2563"]
[BlackElo "2685"]
[WhiteFideId "4171055"]
[BlackFideId "410608"]
[EventDate "2016.01.08"]

1. Nf3 d5 2. d4 Nf6 3. c4 e6 4. e3 Bd6 5. Nc3 O-O 6. Qc2 b6 7. cxd5 exd5 8. Nb5
Bb4+ 9. Bd2 Bxd2+ 10. Nxd2 a6 11. Nc3 c5 12. Be2 cxd4 13. exd4 Nc6 14. Nf3 Bg4
15. Rd1 Re8 16. O-O Qd6 17. a3 b5 18. h3 Bh5 19. g4 Bg6 20. Qd2 Ne4 21. Nxe4
dxe4 22. Nh4 Rad8 23. d5 Ne7 24. Ng2 Qxd5 25. Qa5 Qa8 26. Rxd8 Rxd8 27. Rd1
Rxd1+ 28. Bxd1 h6 29. Qc7 Nd5 30. Qd6 e3 31. f3 Qa7 32. Be2 Nb6 33. Qd4 Qc7 34.
Qxe3 Nc4 35. Bxc4 Qxc4 36. Qd2 Kh7 37. Kf2 Qc5+ 38. Qe3 Qc2+ 39. Qe2 Qc1 40. h4
h5 41. gxh5 Bxh5 42. Kg3 Bg6 43. Nf4 Qg1+ 44. Qg2 Qe1+ 45. Qf2 Qe5 46. Qd2 Bb1
47. Kg2 Bf5 48. Ne2 a5 49. Ng3 Bg6 50. h5 Bxh5 51. Nxh5 Qxh5 52. Qxa5 Qg5+ 53.
Kh3 Qf5+ 54. Kg2 Qc2+ 55. Kg3 Qxb2 56. Qb6 Qe5+ 57. Kg2 g6 58. Qc6 Kh6 59. Qc2
Qg5+ 60. Kf2 Kh5 61. Qc7 Qd2+ 62. Kg3 Qe1+ 63. Kg2 Qd2+ 64. Kg3 Qd5 65. Kg2 Kh6
66. Qc3 Kh7 67. Qb4 g5 68. Kf2 Kg6 69. Qc3 Kf5 70. Qc2+ Ke5 71. Qc7+ Kf6 72.
Qc3+ Qe5 73. Qc6+ Kg7 74. Kg2 f6 75. Qc2 Kh6 76. Qc8 Kh7 77. a4 Qe2+ 78. Kg3
Qe1+ 79. Kg2 Qd2+ 80. Kh3 bxa4 81. Qb7+ Kh6 82. Qa8 Qd7+ 83. Kg2 Kg7 84. Qa5 Kg6
85. Qa8 Kf7 86. Qe4 Kg7 87. Qa8 Qb5 88. Kg3 Qe5+ 89. Kg2 Qb2+ 90. Kg3 a3 91.
Qa7+ Kg6 0-1

[Event "Paul Keres Memorial 2015"]
[Site "Tallinn EST"]
[Date "2016.01.09"]
[Round "5.7"]
[White "Kantans, Toms"]
[Black "Svidler, Peter"]
[Result "0-1"]
[WhiteTitle "IM"]
[BlackTitle "GM"]
[WhiteElo "2513"]
[BlackElo "2751"]
[WhiteFideId "11602945"]
[BlackFideId "4102142"]
[EventDate "2016.01.08"]

1. e4 c5 2. Nf3 d6 3. d4 cxd4 4. Nxd4 Nf6 5. Nc3 a6 6. Be3 e6 7. f4 b5 8. Qf3
Bb7 9. Bd3 Nbd7 10. g4 Nc5 11. g5 Nfd7 12. O-O-O Rc8 13. Kb1 Be7 14. h4 O-O 15.
h5 f5 16. gxf6 Bxf6 17. Rhg1 Qe7 18. a3 Nxd3 19. cxd3 d5 20. Qg4 dxe4 21. Nxe4
Bd5 22. Rc1 h6 23. Qg6 Kh8 24. Nc3 Nb6 25. Rge1 b4 26. axb4 Qxb4 27. Nc2 Qa5 28.
Nxd5 Nxd5 29. Qe4 Bxb2 0-1